Statystyki dla Kadra Kamerunu na mundial 2022

Kliknij tutaj aby rozwiązać quiz!

Ogólne statystyki

  • Ten quiz został rozwiązany 13 razy
  • Średni wynik to 5 z 26

Statystyki odpowiedzi

PozycjaZawodnik% Poprawnych
NapastnikVincent Aboubakar
100%
PomocnikAndre-Frank Zambo Anguissa
67%
BramkarzAndre Onana
67%
NapastnikKarl Toko Ekambi
67%
ObrońcaCollins Fai
50%
NapastnikBryan Mbeumo
33%
PomocnikMartin Hongla
33%
BramkarzDevis Epassy
17%
NapastnikEric-Maxim Choupo Mouting
17%
ObrońcaJean-Charles Castelletto
17%
NapastnikNicolas Moumi Ngamaleu
17%
ObrońcaNicolas Nkoulou
17%
PomocnikPierre Kunde
17%
PomocnikSamuel Oum Gouet
17%
NapastnikChristian Bassogog
0%
ObrońcaChristopher Wooh
0%
ObrońcaEnzo Ebosse
0%
PomocnikGael Ondoua
0%
NapastnikGeorges-Kevin Nkoudou
0%
NapastnikJean-Pierre Nsame
0%
NapastnikJerome Ngom
0%
ObrońcaOlivier Mbaizo
0%
PomocnikOlivier Ntcham
0%
BramkarzSimon Ngapandouetnbu
0%
NapastnikSouaibou Marou
0%
ObrońcaTolo Nouhou
0%

Rozkład punktacji

Percentyl według liczby udzielonych odpowiedzi

Procent ludzi z każdym wynikiem

Twoja historia wyników

Nie rozwiązałeś tego quizu